000 00347nam a2200145Ia 4500
008 150301s2008 xx 000 0 und d
082 _a610.72
_bN08D
100 _aDENISE F. POLIT
245 _aNURSING RESEARCH STATISTICS
250 _a8TH
260 _bWOLTER KLUWER
_c2008
300 _a796
650 _aNURSING RESEARCH
942 _2ddc
_cBK
_03
999 _c6835
_d6835